[Event "Goch op 24th"]
[Site "Goch"]
[Date "2013.09.08"]
[Round "7"]
[White "Maassen, Hermann"]
[Black "Lammes, Pim"]
[Result "0-1"]
[WhiteElo "1820"]
[BlackElo "1641"]
[PlyCount "50"]
[EventDate "2013.09.05"]
[EventType "swiss"]
[EventRounds "7"]
[EventCountry "GER"]
[SourceTitle "EXT 2015"]
[Source "ChessBase"]
[SourceDate "2014.11.20"]
[SourceVersion "1"]
[SourceVersionDate "2014.11.20"]
[SourceQuality "1"]

1. e4 e5 2. Nf3 Nc6 3. Bb5 d6 4. d4 Bd7 5. Bxc6 Bxc6 6. dxe5 dxe5 7. Qxd8+ Rxd8 8. Nc3 Bb4 9. Bd2 f6 10. 0-0-0 Bxc3 11. Bxc3 Bxe4 12. Rhe1 Bxf3 13. gxf3 Rxd1+ 14. Kxd1 Ne7 15. f4 Nd5 16. fxe5 Nxc3+ 17. bxc3 fxe5 18. Rxe5+ Kd7 19. Rg5 g6 20. h4 Ke6 21. Ke2 Rf8 22. Ke3 Rf5 23. Rxf5 Kxf5 24. Kf3 h5 25. a3 b5 0-1